00497cam a2200169ua 450000100040000000500170000400800390002104000090006008200080006924500780007725000090015526000410016430000220020565300230022765300600025070000170031056620260515113204.0110409n ii |||gr||||Z||||||eng cMAIN a327 aIndia`s policy of recognition of states and governments.cBy K. P. Misra. a1st. aNew Delhi.:bAllied publishers.,966. axvi, 214 p.:6 cm. aPolitical science. aIndias policy of recognition of states and governments. aMisra, K P.,